MARC details
| 000 -LÍDER |
| campo de controle de tamanho fixo |
01418nas a2200349 4500 |
| 001 - NÚMERO DE CONTROLE |
| campo de controle |
BR2011007741 |
| 003 - IDENTIFICADOR DO NÚMERO DE CONTROLE |
| campo de controle |
BR-BrBNA |
| 005 - DATA E HORÁRIO DA ÚLTIMA TRANSAÇÃO |
| campo de controle |
20231205115817.0 |
| 007 - CAMPO FIXO DE DESCRIÇÃO FÍSICA--INFORMAÇÃO GERAL |
| campo de controle de tamanho fixo |
ta |
| 008 - CAMPO DE DADOS FIXOS--INFORMAÇÃO GERAL |
| campo de controle de tamanho fixo |
230509b bl.|||p| |||| 00| 00por d |
| 040 ## - FONTE DA CATALOGAÇÃO |
| Instituição da catalogação original |
BR-BrBNA |
| Idioma da catalogação |
por |
| Instituição que transcreveu o registro |
Biblioteca Nacional de Agricultura |
| 041 ## - CÓDIGO DE IDIOMA |
| Código do idioma do texto/trilha sonora ou título diferente |
(Pt) |
| 072 ## - CÓDIGO DE CATEGORIA DE ASSUNTO |
| Código de Categoria de Assunto |
F50; K10 |
| 100 1# - ENTRADA PRINCIPAL--NOME PESSOAL |
| Nome pessoal |
Melo, M de F.F. |
| 100 1# - ENTRADA PRINCIPAL--NOME PESSOAL |
| Nome pessoal |
Varela, V.P. |
| 245 1# - TÍTULO |
| Título |
Aspectos morfológicos de frutos, sementes, germinação e plântulas de duas espécies florestais da Amazônia. I. Dinizia excelsa ducke (angelim-pedra). II. Cedrelinga catenaeformis ducke (cedrorana)- Leguminosae: Mimosoideae |
| 246 1# - FORMA VARIANTE DO TÍTULO |
| Título/título abreviado |
Morphological aspects of fruits, seeds, germination and seedlings of two amazonian timber species. I. Dinizia excelsa ducke (angelim-pedra). II. Cedrelinga catenaeformis ducke (cedrorana)- Leguminosae: Mimosoideae |
| 650 ## - ASSUNTO--TERMO TÓPICO |
| Cabeçalho tópico ou nome geográfico |
DINIZIA EXCELSA |
| 650 ## - ASSUNTO--TERMO TÓPICO |
| Cabeçalho tópico ou nome geográfico |
ANGELIM PEDRA |
| 650 ## - ASSUNTO--TERMO TÓPICO |
| Cabeçalho tópico ou nome geográfico |
CEDRELINGA CATENAEFORMIS |
| 650 ## - ASSUNTO--TERMO TÓPICO |
| Cabeçalho tópico ou nome geográfico |
CEDRORANA |
| 650 ## - ASSUNTO--TERMO TÓPICO |
| Cabeçalho tópico ou nome geográfico |
MORFOLOGIA VEGETAL |
| 650 ## - ASSUNTO--TERMO TÓPICO |
| Cabeçalho tópico ou nome geográfico |
FLORESTA |
| 650 ## - ASSUNTO--TERMO TÓPICO |
| Cabeçalho tópico ou nome geográfico |
SEMENTE |
| 650 ## - ASSUNTO--TERMO TÓPICO |
| Cabeçalho tópico ou nome geográfico |
GERMINAÇÃO |
| 650 ## - ASSUNTO--TERMO TÓPICO |
| Cabeçalho tópico ou nome geográfico |
PLÂNTULA |
| 650 ## - ASSUNTO--TERMO TÓPICO |
| Cabeçalho tópico ou nome geográfico |
FRUTO |
| 773 0# - ENTRADA ANALÍTICA |
| Título |
Revista Brasileira de Sementes (Brazil) |
| ISSN - International Standard Serial Number |
ISSN 0101-3122 |
| Partes relacionadas |
(Apr 2006), v. 28(1) p. 54-62 |
| Número de controle do registro |
BR2011007741 |
| 856 4# - LOCALIZAÇÃO ELETRÔNICA E ACESSO |
| Uniform Resource Identifier |
<a href="http://www.scielo.br/pdf/rbs/v28n1/a08v28n1.pdf">http://www.scielo.br/pdf/rbs/v28n1/a08v28n1.pdf</a> |
| Texto de ligação |
Recurso eletrônico (PDF) |
| 909 ## - |
| -- |
202311 |
| -- |
Lúcia |
| -- |
55 |
| -- |
Lúcia Elande |
| 942 ## - ELEMENTOS DE ENTRADA ADICIONADOS (KOHA) |
| Fonte da classificação ou esquema de arquivamento na estante |
Classificação AGRIS |
| Ocultar no OPAC |
Não |
| Tipo de material Koha |
Analítica |